00512nam a2200169Ia 4500008004000000041000800040082001200048100001600060245002400076260002600100650001300126650001500139690002200154906001100176999001900187952013600206210210b1905 xxu||||| |||| 00| 0 eng d aeng a320/471 aRALEIGH (T) aElementary politics abNot Mentionedc1905 apolitics aElementary aPolitical Science a003115 c118453d118453 001040748Political ScienceaALbALcPolitical Scienced2021-02-17g0.00l0o320/471p003115r2021-02-17 00:00:00w2021-02-17yBK